Dom smútku, Pezinok

Guardado en:
Detalles Bibliográficos
Autor principal: Svrbík, Jakub (Autor)
Otros Autores: Pauliny, Pavol (Orientador)
Formato: Manuscrito Libro
Lenguaje:eslovaco
Publicado: Bratislava 2023
Materias:
Acceso en línea:http://is.stuba.sk/zp/portal_zp.pl?podrobnosti=155906
Etiquetas: Agregar Etiqueta
Sin Etiquetas, Sea el primero en etiquetar este registro!

MARC

LEADER 00000ntm a22000003a 4500
001 stuzp94311
003 SK-STU
005 20231004105225.0
007 ta
008 150427s2015----xo-----f-mn---000-0-slo-d
040 |a STU  |b slo 
041 0 |a slo 
100 1 |a Svrbík, Jakub  |u 053130  |4 aut  |U FAD Fakulta architektúry a dizajnu  |T FAD Ústav dejín a teórie architektúry a obnovy pamiatok  |X 103824  |U A3130  |Y 394  |7 103824 
242 0 1 |a Funeral Hall, Pezinok  |y eng 
245 1 0 |a Dom smútku, Pezinok 
260 |c 2023  |a Bratislava 
650 4 |a sepukrálna architektúry  |2 slo 
650 4 |a pohrebníctvo  |2 slo 
650 4 |a Pezinok  |2 slo 
650 4 |a cintorín  |2 slo 
650 4 |a dom smútku  |2 slo 
650 4 |a cemetery  |2 eng 
650 4 |a Pezinok  |2 eng 
650 4 |a sepucral architecture  |2 eng 
650 4 |a funeral hall  |2 eng 
650 4 |a funeral  |2 eng 
700 1 |a Pauliny, Pavol  |u 053130  |k Z1  |4 ths  |U FAD Fakulta architektúry a dizajnu  |T FAD Ústav dejín a teórie architektúry a obnovy pamiatok  |X 474  |U A3130  |Y 394  |7 474 
856 4 |u http://is.stuba.sk/zp/portal_zp.pl?podrobnosti=155906  |u https://opac.crzp.sk/?fn=detailBiblioForm&sid=C03CB0FBA6588971DF3825D1B6BF